Statistics for 1980s Celebrities

Click here to take the quiz!

General Stats

  • This quiz has been taken 15,763 times
    (10,375 since last reset)
  • The average score is 11 of 20

Answer Stats

DescriptionCelebrity% Correct
His album, "Thriller", was the best-selling album for 37 consecutive weeksMichael Jackson
100%
Mohawked muscleman who pitied foolsMr. T
82%
This heavyweight boxer from Brooklyn seemed invincibleMike Tyson
77%
From "Teen Wolf" to "Family Ties", he was everywhereMichael J. Fox
71%
Unusual singer who just wanted to have funCyndi Lauper
70%
French giant who was body-slammed by Hulk Hogan at Wrestlemania IIIAndre the Giant
62%
Mustachioed detective of "Magnum P.I."Tom Selleck
61%
"Miami Vice" star who wore white sport coatsDon Johnson
60%
"Goonies" star and one of the CoreysCorey Feldman
50%
This Argentinian footballer had the goal of the century and scored another with his handDiego Maradona
48%
Before being arrested at a porn theater, he had a popular children's TV showPaul Reubens
48%
She dirty-danced with Patrick SwayzeJennifer Grey
47%
This model was a perfect "10"Bo Derek
43%
Two-time portrayer of James Bond in the late 80'sTimothy Dalton
43%
The other CoreyCorey Haim
42%
Winner of 4 track and field golds in 1984Carl Lewis
40%
Diminutive star of "Diff'rent Strokes"Gary Coleman
38%
Before becoming a religious activist, this "Growing Pains" star was a teen heartthrobKirk Cameron
35%
Unofficial Corey who wore his sunglasses at nightCorey Hart
28%
This "Cosby Show" star was a famous sexy momPhylicia Rashad
28%

Score Distribution

Percentile by Number Answered

Percent of People with Each Score

Your Score History

You have not taken this quiz since the last reset